00414nam a2200181Ia 4500003000400000005001700004006001900021007000300040008004100043024001000084037001200094040002000106041001300126082001900139100002000158245004500178260000900223OSt20220928145704.0a|||||r|||| 00| 0 ta220927b |||||||| |||| 00| 0 eng d a81888 cTextual aSDCLcSDCLbeng 2engaeng aY:37k, N8 RR aCole Robert Ed. 0aInternational encyclopedia of propaganda c1998